| 000 | 00834nam a2200277 a 4500 | ||
|---|---|---|---|
| 001 | 000107859 | ||
| 003 | CHAP | ||
| 005 | 20220329143946.0 | ||
| 008 | 131112s2010 mx a |r| |||0|||spa d | ||
| 010 | _a104321 | ||
| 011 | _a105293 | ||
| 020 | _a9786070214554 | ||
| 040 | _cCHAP | ||
| 082 | 0 | 4 |
_a363.73942 _bC15 |
| 245 | 0 | 0 |
_aCalidad del agua : _bun enfoque multidisciplinario. |
| 260 |
_aMéxico : _bUNAM. Instituto de Investigaciones Económicas : _bRestauración Ecológicas y Desarrollo, A.C., _c2010. |
||
| 300 |
_a308 p. : _bil. |
||
| 590 |
_aE11695DGD _b10 _c20131113 _lUCH01 _h1454 |
||
| 590 |
_aE5652GLJ _b05 _c20131112 _lUCH01 _h1402 |
||
| 650 | 1 | 4 |
_aAgua _xCalidad. _92316 |
| 650 | 1 | 4 |
_aAgua _xContaminación _xMéxico. _92359 |
| 700 | 1 |
_aAguilar Ibarra, Alonso _9124597 |
|
| 901 | _aBK | ||
| 942 | _cLIBRO | ||
| 942 | _n0 | ||
| 999 |
_c104321 _d104321 |
||